1065 1210 1867 1794 1542 1685 1610 1096 1788 1200 1553 1593 1437 1470 1820 1050 1696 1037 1700 1967 1605 1239 1389 1760 1367 1412 1403 1184 1748 1152 1844 1453 1465 1101 1321 1406 1720 1141 1981 1286 1862 1268 1703 1104 1106 1018 1460 1488 1963 1089 1658 1210 1141 1486 1253 1470 1471 1378 1191 1625 1739 1246 1115 1124 1324 1362 1710 1359 1925 1974 1617 1292 1182 1261 1153 1671 1530 1091 1652 1723 1430 1958 1657 1992 1161 1759 1409 1867 1722 1966 1014 1768 1554 1188 1075 1180 1996 1645 1455 BCNSPRNW ULIB Ver.6.0+V

เปลี่ยนเป็นภาษาไทย

Change to English
 แสดงรายละเอียดบรรณานุกรม
  กลับหน้าหลัก

Brief Record : Get Marc (ISO 2709) : E-mail record : QR code < ปิดหน้าต่าง
LEADER : 00000nam 2200000uu 4500
001    13399128666
003     ULIB
008    230928s||||||||th 000 0 tha d
020    ^a9786163813114
060    ^aWS440^bท521ต
110    ^aทีมวิชาการ Life Balance
245    ^aตี๋น้อยติดมือถือ
250    ^aพิมพ์ครั้งที่ 1
260    ^aกรุงเทพฯ :^bLife Balance,^cม.ป.ป.
300    ^a24 หน้า;^c19 ซม.
650    ^aนิทานเด็ก
650    ^aเด็ก-พัฒนาการ
945    ^p0^l0^i30038
999    ^aกัณชพร จุลอักษร
รายการนี้ยังไม่มีแท็ก
คุณยังไม่ได้ล็อกอิน คุณสามารถมีกิจกรรมร่วมกับเว็บไซต์ได้ แต่ต้องล็อกอินก่อน ::
  ล็อกอิน

รายการสื่อสารสนเทศ

ลำดับที่ ประเภท เลขเรียก/บาร์โค้ด สถานที่ สถานะ
1. วิทยาศาสตร์การแพทย์ และสุขภาพ
วิทยาศาสตร์การแพทย์ และสุขภาพ
WS440 ท521ต ฉ.1 
  Barcode: 30038
ห้องสมุดวิทยาเขตนครสวรรค์
►หนังสือทั่วไป:l:General Books
บนชั้น

รายการใกล้เคียง
    ชื่อเรื่อง [ตี๋น้อยติดมือถือ]

    หัวเรื่อง [นิทานเด็ก]
    หัวเรื่อง [เด็ก-พัฒนาการ]

BibComment


ยังไม่เคยถูกคอมเมนท์

คอมเมนท์ทรัพยากรรายการนี้
  คอมเมนท์: ตี๋น้อยติดมือถือ


 Copyright 2026. Bcnsprnw @Library